Alle Nederlandse Woonplaatsen Per Gemeente - Deel 1 - Statistics

General Stats
  • This quiz has been taken 28 times
  • The average score is 6 of 497
Answer Stats
Good Luck. Antwoord % Correct
? Aalsmeer
17%
? Alkmaar
17%
? Alphen
17%
? Borger
17%
? Dijken
17%
? Rhee
17%
? Almere
13%
? Assen
13%
? Deventer
13%
? Alblasserdam
8%
? Almelo
8%
? Arnhem
8%
? Asch
8%
? Asten
8%
? Bodegraven
8%
? Breda
8%
? Chaam
8%
? Coevorden
8%
? Dalfsen
8%
? Delft
8%
? Den Haag
8%
? Den Helder
8%
? Gasselte
8%
? Gieten
8%
? Heerhugowaard
8%
? Reeuwijk
8%
? Veen
8%
? 1e Exloërmond
4%
? 2e Exloërmond
4%
? Aadorp
4%
? Aalten
4%
? Aarlanderveen
4%
? Abcoude
4%
? Alphen aan den Rijn
4%
? Amersfoort
4%
? Amstelveen
4%
? Anderen
4%
? Anloo
4%
? Annen
4%
? Annerveenschekanaal
4%
? Apeldoorn
4%
? Baarn
4%
? Barendrecht
4%
? Barneveld
4%
? Bavel
4%
? Beek
4%
? Beesel
4%
? Bergen
4%
? Berg en Dal
4%
? Bergen op Zoom
4%
? Beuningen
4%
? Borne
4%
? Brummen
4%
? Brunssum
4%
? Buren
4%
? Culemborg
4%
? De Rijp
4%
? Diepenveen
4%
? Driebruggen
4%
? Eemdijk
4%
? Ees
4%
? Eext
4%
? Eexterveen
4%
? Eexterveenschekanaal
4%
? Eexterzandvoort
4%
? Exloo
4%
? Gasselternijveen
4%
? Gasselternijveenschemond
4%
? Gasteren
4%
? Gieterveen
4%
? Grolloo
4%
? Hoogland
4%
? Hooglanderveen
4%
? Lage Vuursche
4%
? Loon
4%
? Nieuwkoop
4%
? Nijlande
4%
? Noordeinde
4%
? Noord-Scharwoude
4%
? Noord-Sleen
4%
? Odoorn
4%
? Prinsenbeek
4%
? Rha
4%
? Rhoon
4%
? Rijs
4%
? Rijswijk
4%
? Rolde
4%
? Schoonloo
4%
? Schoonoord
4%
? Sint Pancras
4%
? Sleen
4%
? Strijbeek
4%
? ’t Haantje
4%
? Ulvenhout
4%
? Waarder
4%
? Zuid-Scharwoude
4%
? Zwammerdam
4%
? 2e Valthermond
0%
? Aalden
0%
? Achterveld
0%
? Aerdenhout
0%
? Afferden
0%
? Akersloot
0%
? Akmarijp
0%
? Almkerk
0%
? Alteveer
0%
? Amen
0%
? Amstelhoek
0%
? Amstenrade
0%
? Amtserdam
0%
? Andel
0%
? Ansen
0%
? Augustinusga
0%
? Baak
0%
? Baambrugge
0%
? Baarland
0%
? Baarle-Nassau
0%
? Babyloniënbroek
0%
? Bakhuizen
0%
? Balk
0%
? Balloërveld
0%
? Balloo
0%
? Ballum
0%
? Bantega
0%
? Bathmen
0%
? Beekbergen
0%
? Beemte Broekland
0%
? Beltrum
0%
? Bennebroek
0%
? Benneveld
0%
? Benthuizen
0%
? Bergeijk
0%
? Bergen aan Zee
0%
? Best
0%
? Beusichem
0%
? Beverwijk
0%
? Bilthoven
0%
? Bingelrade
0%
? Bladel
0%
? Blaricum
0%
? Bloemendaal
0%
? Boekel
0%
? Boelenslaan
0%
? Borculo
0%
? Bornerbroek
0%
? Borssele
0%
? Boskoop
0%
? Boxtel
0%
? Bredevoort
0%
? Broek
0%
? Broek op Langedijk
0%
? Broeksterwâld
0%
? Bronkhorst
0%
? Bronneger
0%
? Bronnegerveen
0%
? Budel
0%
? Budel-Dorplein
0%
? Budel-Schoot
0%
? Buinen
0%
? Buinerveen
0%
? Buitenpost
0%
? Bunnik
0%
? Bunschoten-Spakenburg
0%
? Capelle aan den IJssel
0%
? Castelre
0%
? Casteren
0%
? Castricum
0%
? Colschate
0%
? Dalen
0%
? Dalerpeel
0%
? Dalerveen
0%
? Damwâld
0%
? De Bilt
0%
? De Falom
0%
? De Glind
0%
? De Heurne
0%
? de Hoef
0%
? De Kiel
0%
? Delfstrahuizen
0%
? Deurne
0%
? Deurze
0%
? De Westereen
0%
? de Wijk
0%
? de Woude
0%
? Diemen
0%
? Dinxperlo
0%
? Diphoorn
0%
? Doenrade
0%
? Doniaga
0%
? Drempt
0%
? Driehuizen
0%
? Driewegen
0%
? Driezum
0%
? Drogeham
0%
? Drogteropslagen
0%
? Drongelen
0%
? Drouwen
0%
? Drouwenermond
0%
? Drouwenerveen
0%
? Dussen
0%
? Echten
0%
? Echtenerbrug
0%
? Eck en Wiel
0%
? Eerbeek
0%
? Eesergroen
0%
? Eeserveen
0%
? Eesterga
0%
? Eethen
0%
? Egmond aan den Hoef
0%
? Egmond aan Zee
0%
? Egmond-Binnen
0%
? Eibergen
0%
? Ekehaar
0%
? Elahuizen
0%
? Eldersloo
0%
? Eleveld
0%
? Ellertshaar
0%
? Ellewoutsdijk
0%
? Empe
0%
? Erichem
0%
? Erlecom
0%
? Erm
0%
? Esch
0%
? Eursinge
0%
? Ewijk
0%
? Exloërveen
0%
? Feanwâlden
0%
? Follega
0%
? Galder
0%
? Garderen
0%
? Gastel
0%
? Geelbroek
0%
? Gees
0%
? Geesbrug
0%
? Geesteren
0%
? Gelselaar
0%
? Genderen
0%
? Gerkesklooster
0%
? Giessen
0%
? Goingarijp
0%
? Graft
0%
? Groenekan
0%
? Groesbeek
0%
? Groet
0%
? Grootschermer
0%
? Haarlo
0%
? Hall
0%
? Halle
0%
? Halsteren
0%
? Hank
0%
? Hapert
0%
? Harich
0%
? Harkema
0%
? Haskerhorne
0%
? Hazerswoude-Dorp
0%
? Hazerswoude-Rijndijk
0%
? Heesch
0%
? Heeswijk-Dinther
0%
? Heilig Landstichting
0%
? Heinkenszand
0%
? Helenaveen
0%
? Hengelo
0%
? Hertme
0%
? Heusden
0%
? Hoedekenskerke
0%
? Hoenderloo
0%
? Hollandsche Rading
0%
? Hollum
0%
? Holsloot
0%
? Hoogeloon
0%
? Hoog-Keppel
0%
? Hoog Soeren
0%
? Huisduinen
0%
? Hulsberg
0%
? Hummelo
0%
? Idskenhuizen
0%
? Ingen
0%
? Jabeek
0%
? Joure
0%
? Julianadorp
0%
? Kapel-Avezaath
0%
? Keijenborg
0%
? Kekerdom
0%
? Kerk-Avezaath
0%
? Kerkenveld
0%
? Klarenbeek
0%
? Klijndijk
0%
? Koedijk
0%
? Koekange
0%
? Kolderwolde
0%
? Kootstertille
0%
? Kootwijk
0%
? Kootwijkerbroek
0%
? Koudekerk aan den Rijn
0%
? Kudelstaart
0%
? Kwadendamme
0%
? Laag-Keppel
0%
? Langweer
0%
? Lemelerveld
0%
? Lemmer
0%
? Lepelstraat
0%
? Lettele
0%
? Leuth
0%
? Leuvenheim
0%
? Lewedorp
0%
? Liempde
0%
? Lienden
0%
? Lieren
0%
? Liessel
0%
? Limmen
0%
? Linde
0%
? Loenen
0%
? Loosbroek
0%
? Luyksgestel
0%
? Maarheeze
0%
? Maartensdijk
0%
? Maastricht-Airport
0%
? Markenbinnen
0%
? Marwijksoord
0%
? Maurik
0%
? Meeuwen
0%
? Meppen
0%
? Merkelbeek
0%
? Mijdrecht
0%
? Millingen aan de Rijn
0%
? Mirns
0%
? Neede
0%
? Neekant
0%
? Nes
0%
? Netersel
0%
? Nieuw Annerveen
0%
? Nieuw-Buinen
0%
? Nieuwdorp
0%
? Nieuwediep
0%
? Nieuwelandse Coevorden
0%
? Nieuwendijk
0%
? Nieuwerburg aan den Rijn
0%
? Nieuwleusen
0%
? Nijehaske
0%
? Nijemirdum
0%
? Nisse
0%
? Nistelrode
0%
? Nooitgedacht
0%
? Nuth
0%
? Odijk
0%
? Odoornerveen
0%
? Oirsbeek
0%
? Okkenbroek
0%
? Olburgen
0%
? Oldeouwer
0%
? Ommel
0%
? Ommeren
0%
? Ooij
0%
? Oosterhesselen
0%
? Oosterzee
0%
? Oost-Graftdijk
0%
? Oterleek
0%
? Oud Annerveen
0%
? Oudega
0%
? Oudehaske
0%
? Oudelande
0%
? Oudemirdum
0%
? Oudkarspel
0%
? Oudorp
0%
? Ouwsterhaule
0%
? Ouwster-Nijega
0%
? Overveen
0%
? Ovezande
0%
? Papenvoort
0%
? Persingen
0%
? Poortugaal
0%
? Puth
0%
? Radio Kootwijk
0%
? Ravenswaaij
0%
? Readtsjerk
0%
? Rekken
0%
? Reuver
0%
? Riethoven
0%
? Rietmolen
0%
? Rinsumageast
0%
? Rohel
0%
? Rotstergaast
0%
? Rotterdam-Albrandswaard
0%
? Rottum
0%
? Ruigahuizen
0%
? Ruinen
0%
? Ruinerwold
0%
? Ruurlo
0%
? Schalkhaar
0%
? Scharsterbrug
0%
? Schermerhorn
0%
? Schimmert
0%
? Schinnen
0%
? Schinveld
0%
? Schipborg
0%
? Schoorl
0%
? ’s-Gravenpolder
0%
? ’s-Heer Abtskerke
0%
? ’s-Heerenhoek
0%
? Sibrandahûs
0%
? Siebengewald
0%
? Sintjohannesga
0%
? Sint Nicolaasga
0%
? Sleeuwijk
0%
? Sloten
0%
? Snikzwaag
0%
? Soerendonk
0%
? Sondel
0%
? Spaubeek
0%
? Spijkerboor
0%
? Starnmeer
0%
? Steenderen
0%
? Stieltjeskanaal
0%
? Stompetoren
0%
? Stoutenburg Noord
0%
? Stroe
0%
? Stroobos
0%
? Surhuisterveen
0%
? Surhuizum
0%
? Sweikhuizen
0%
? Ter Aard
0%
? Terherne
0%
? Terkaple
0%
? Teroele
0%
? Terschuur
0%
? Teteringen
0%
? Tjerkgaast
0%
? Toldijk
0%
? Tonden
0%
? Twijzel
0%
? Twijzelerheide
0%
? Ubbena
0%
? Ubbergen
0%
? Uddel
0%
? Ugchelen
0%
? Uitwijk
0%
? Ulicoten
0%
? Ursem
0%
? Valthe
0%
? Valthermond
0%
? Veeningen
0%
? Vegelinsoord
0%
? Venhorst
0%
? Vierakker
0%
? Vinkel
0%
? Vinkeveen
0%
? Vlierden
0%
? Vogelenzang
0%
? Voorthuizen
0%
? Vorden
0%
? Vorstenbosch
0%
? Vredenheim
0%
? Waardhuizen
0%
? Wachtum
0%
? Wâlterswâld
0%
? Waverveen
0%
? Weesp
0%
? Well
0%
? Wellerlooi
0%
? Wenum Wiesel
0%
? Werkendam
0%
? Werkhoven
0%
? Westbroek
0%
? Westdorp
0%
? Westerhoven
0%
? West-Graftdijk
0%
? Weurt
0%
? Wezup
0%
? Wezuperbrug
0%
? Wichmond
0%
? Wijckel
0%
? Wijk aan Zee
0%
? Wijk en Aalburg
0%
? Wijnandsrade
0%
? Wilnis
0%
? Winssen
0%
? Woudrichem
0%
? Zandberg
0%
? Zeijerveen
0%
? Zeijerveld
0%
? Zelhem
0%
? Zenderen
0%
? Zoelen
0%
? Zoelmond
0%
? Zuidschermer
0%
? Zuidwolde
0%
? Zwartebroek
0%
? Zweeloo
0%
? Zwinderen
0%
No matching quizzes found
Score Distribution
Percent of People with Each Score
Percentile by Number Answered
Your Score History
You have not taken this quiz